[Event "Rated Blitz game"]
[Site "?"]
[Date "2021.01.03"]
[Round "?"]
[White "Mohammad20202020"]
[Black "vrencianLehel"]
[Result "1-0"]
[WhiteElo "2468"]
[BlackElo "2459"]
[PlyCount "79"]
[EventDate "2021.??.??"]
[EventType "blitz"]

1. e4 e5 2. Nf3 d5 3. Nxe5 Bd6 4. d4 dxe4 5. Nc3 Bxe5 6. dxe5 Qxd1+ 7. Nxd1 Nc6
8. Nc3 Nb4 9. Bb5+ c6 10. Ba4 Bf5 11. a3 Na6 12. Be3 Ne7 13. O-O-O Nc7 14. h3
b5 15. Bb3 h5 16. g4 hxg4 17. hxg4 Rxh1 18. Rxh1 Bxg4 19. Nxe4 Ng6 20. f4 Bf3
21. Nd6+ Kd7 22. Rh7 Rh8 23. Rxh8 Nxh8 24. Nxf7 Nxf7 25. Bxf7 Bd5 26. Bg6 a5
27. f5 a4 28. Bc5 Be4 29. e6+ Kd8 30. Bd6 Ne8 31. Be5 Nf6 32. Kd2 Ke7 33. c3
Bd5 34. Ke3 Bb3 35. Kd4 Ba2 36. Kc5 Bd5 37. Bd6+ Kd8 38. Bf8 Kc7 39. Bxg7 Ne4+
40. Kd4 {Normal} 1-0

[Event "Rated Blitz game"]
[Site "?"]
[Date "2021.01.03"]
[Round "?"]
[White "EricClimbs"]
[Black "vrencianLehel"]
[Result "1/2-1/2"]
[WhiteElo "2336"]
[BlackElo "2461"]
[PlyCount "153"]
[EventDate "2021.??.??"]
[EventType "blitz"]

1. e4 e5 2. Nf3 d5 3. Nxe5 Bd6 4. d4 dxe4 5. Nc4 Nf6 6. Nc3 O-O 7. Be2 Re8 8.
Bg5 Bf8 9. O-O h6 10. Bxf6 Qxf6 11. Nd5 Qc6 12. Nce3 Nd7 13. a3 Nf6 14. c4 Nxd5
15. Nxd5 Bd6 16. b4 Qd7 17. h3 c6 18. Ne3 Qe7 19. Bg4 Qg5 20. Bxc8 Raxc8 21.
Qg4 g6 22. Qxg5 hxg5 23. g4 Rcd8 24. Rad1 Kg7 25. Kg2 Be7 26. d5 Bf6 27. dxc6
bxc6 28. Rxd8 Rxd8 29. Rd1 Rxd1 30. Nxd1 Bd4 31. f3 exf3+ 32. Kxf3 f5 33. Ne3
Kf6 34. Nc2 Bb2 35. a4 a6 36. b5 cxb5 37. cxb5 axb5 38. axb5 Ke5 39. b6 Kd6 40.
gxf5 gxf5 41. Ne3 g4+ 42. hxg4 fxg4+ 43. Kxg4 Kc6 44. Nc4 Bd4 45. Kf5 Bxb6 46.
Ke4 Kc5 47. Kd3 Bc7 48. Nd2 Be5 49. Ne4+ Kd5 50. Ng5 Bd6 51. Nf3 Bc5 52. Nd2
Bb6 53. Nc4 Kc6 54. Ne5+ Kb5 55. Nf3 Bc5 56. Nh4 Bd4 57. Nf5 Be3 58. Ke4 Kc5
59. Kd3 Bf2 60. Ke2 Bg1 61. Kf3 Bh2 62. Kg4 Be5 63. Kh5 Kd5 64. Kg6 Ke4 65. Ne7
Kf4 66. Nc6 Ke4 67. Nd8 Kd4 68. Nf7 Kd5 69. Kf5 Bd6 70. Nh6 Bc5 71. Ng4 Kc6 72.
Nf6 Kc7 73. Ne4 Kc6 74. Ke6 Bb6 75. Nf6 Kb5 76. Nd5 Kc4 77. Nxb6+ {Normal}
1/2-1/2

[Event "Rated Blitz tournament NOftRmgG"]
[Site "?"]
[Date "2021.01.03"]
[Round "?"]
[White "HelloIamMarc"]
[Black "Artem_0degov"]
[Result "1-0"]
[WhiteElo "2241"]
[BlackElo "2495"]
[PlyCount "153"]
[EventDate "2021.??.??"]
[EventType "blitz"]

1. e4 e5 2. Nf3 d5 3. exd5 e4 4. Qe2 Nf6 5. Nc3 Be7 6. Nxe4 O-O 7. d3 Nxd5 8.
Bd2 f5 9. Nc3 Bf6 10. O-O-O Re8 11. Nxd5 Rxe2 12. Nxf6+ Qxf6 13. Bxe2 Nc6 14.
Bc3 Qf7 15. Rhe1 Qxa2 16. d4 Be6 17. Bd3 g6 18. Ne5 Nxe5 19. Rxe5 Rd8 20. Rde1
Bc4 21. Ra5 Qxa5 22. Bxa5 Bxd3 23. cxd3 Rxd4 24. Kc2 Rd5 25. Bc3 Kf7 26. f4 a6
27. Re5 Rd7 28. d4 c6 29. Kb3 b6 30. Kc4 h6 31. g3 h5 32. b3 a5 33. b4 a4 34.
b5 cxb5+ 35. Kxb5 Rc7 36. Bb4 Rd7 37. d5 Kf6 38. d6 g5 39. Re7 Rd8 40. Kxa4
gxf4 41. gxf4 h4 42. Kb5 h3 43. Rh7 Rb8 44. Rxh3 Ke6 45. Rh6+ Kd7 46. Rh7+ Ke6
47. d7 Rd8 48. Kxb6 Rb8+ 49. Kc7 Rxb4 50. d8=Q Rb7+ 51. Kc6 Rc7+ 52. Kb5 Rc5+
53. Kb4 Rb5+ 54. Ka4 Rb4+ 55. Ka5 Ra4+ 56. Kb6 Ra6+ 57. Kb7 Ra7+ 58. Kb8 Ra8+
59. Kb7 Ra7+ 60. Kc6 Ra6+ 61. Qb6 Rxb6+ 62. Kxb6 Kd5 63. Rg7 Ke4 64. Rf7 Kxf4
65. h4 Ke5 66. h5 Ke6 67. Rf8 Ke5 68. h6 Kf4 69. h7 Ke4 70. h8=Q Kf4 71. Qf6
Ke4 72. Qxf5+ Ke3 73. Qd7 Ke4 74. Re8+ Kf4 75. Qf7+ Kg4 76. Rg8+ Kh4 77. Qh7# {
Normal} 1-0

[Event "Rated Blitz game"]
[Site "?"]
[Date "2021.01.03"]
[Round "?"]
[White "bahneh"]
[Black "drdumbo"]
[Result "0-1"]
[WhiteElo "2373"]
[BlackElo "2462"]
[PlyCount "40"]
[EventDate "2021.??.??"]
[EventType "blitz"]

1. e4 e5 2. Nf3 d5 3. Nxe5 Bd6 4. d4 dxe4 5. Bc4 Bxe5 6. Qh5 Qe7 7. dxe5 Be6 8.
Bxe6 Qxe6 9. Nc3 Nc6 10. Bf4 O-O-O 11. O-O f5 12. Rad1 Nge7 13. Qg5 Ng6 14. Bg3
h6 15. Qh5 f4 16. Bh4 Rxd1 17. Rxd1 Ncxe5 18. Nxe4 Qg4 19. Qxg4+ Nxg4 20. g3
Re8 {Time forfeit} 0-1

[Event "Rated Blitz game"]
[Site "?"]
[Date "2021.01.03"]
[Round "?"]
[White "H-HH"]
[Black "Dzon_Vejn"]
[Result "1-0"]
[WhiteElo "2440"]
[BlackElo "2390"]
[PlyCount "77"]
[EventDate "2021.??.??"]
[EventType "blitz"]

1. e4 e5 2. Nf3 d5 3. exd5 e4 4. Qe2 Nf6 5. Nc3 Be7 6. Nxe4 O-O 7. d3 Nxd5 8.
Qd1 Re8 9. Be2 Nc6 10. O-O f5 11. Ng3 Bf6 12. c3 g6 13. d4 Kg7 14. Re1 f4 15.
Nf1 g5 16. Bd3 Bg4 17. h3 Bh5 18. N1h2 Qd7 19. Bd2 Bf7 20. Qc2 h5 21. Rxe8 Rxe8
22. Re1 g4 23. hxg4 hxg4 24. Bf5 Be6 25. Rxe6 Rxe6 26. Bxg4 Qe7 27. Bxe6 Qxe6
28. Qd3 a6 29. Kf1 b5 30. Qe2 Qf5 31. Qd1 Na5 32. Bc1 Nc4 33. Ne1 Qb1 34. a3
Nde3+ 35. fxe3 Nxe3+ 36. Bxe3 Qxd1 37. Bxf4 Qc2 38. Nxc2 c6 39. Nf3 {Normal}
1-0

[Event "Rated Blitz tournament bnj5MDZ0"]
[Site "?"]
[Date "2021.01.03"]
[Round "?"]
[White "gameoverbro"]
[Black "Henrik_95"]
[Result "0-1"]
[WhiteElo "2499"]
[BlackElo "2351"]
[PlyCount "148"]
[EventDate "2021.??.??"]
[EventType "blitz"]

1. e4 e5 2. Nf3 d5 3. exd5 e4 4. Qe2 Nf6 5. Nc3 Be7 6. Nxe4 Nxd5 7. Qd1 O-O 8.
d3 Nc6 9. Be2 f5 10. Nc3 Nxc3 11. bxc3 Bf6 12. Bd2 Re8 13. O-O Qe7 14. Re1 Be6
15. d4 Bd5 16. Bd3 Qd7 17. Rxe8+ Rxe8 18. a4 Be4 19. Rb1 b6 20. Bf4 Qd5 21. c4
Qd7 22. d5 Bxf3 23. Qxf3 Nd4 24. Qd1 Qxa4 25. Bxc7 Kh8 26. d6 Be5 27. Qh5 g6
28. Qg5 Qd7 29. f4 Ne6 30. Qg3 Bxf4 31. Qf2 Bxd6 32. Bxd6 Qxd6 33. Re1 Rd8 34.
Kf1 Nc5 35. Re3 Qxh2 36. Qf3 Qd6 37. Qh3 Kg7 38. Qh4 Rd7 39. Rh3 h5 40. Qg5
Nxd3 41. cxd3 Qf6 42. Qc1 Re7 43. Rg3 Qe5 44. Rf3 Qe2+ 45. Kg1 Qe1+ 46. Qxe1
Rxe1+ 47. Kh2 a5 48. d4 Rd1 49. c5 Rxd4 50. cxb6 Rb4 51. Ra3 Rxb6 52. Rxa5 Kh6
53. Ra8 Kg5 54. Rh8 Rb7 55. Re8 Rc7 56. Re1 h4 57. Rf1 Kg4 58. Rf3 g5 59. Rh3
Rc4 60. Ra3 f4 61. Ra7 Re4 62. Ra2 Re3 63. Rc2 f3 64. gxf3+ Rxf3 65. Rc4+ Rf4
66. Rc8 Rb4 67. Kg2 Rb2+ 68. Kf1 Rb3 69. Rc3 Rxc3 70. Ke2 Kg3 71. Kd2 Rf3 72.
Ke2 h3 73. Ke1 h2 74. Ke2 h1=Q {Normal} 0-1

[Event "Rated Blitz tournament YUzXd5AO"]
[Site "?"]
[Date "2021.01.03"]
[Round "?"]
[White "RommelGanzon"]
[Black "RonaldGanzon"]
[Result "1-0"]
[WhiteElo "2475"]
[BlackElo "2334"]
[PlyCount "89"]
[EventDate "2021.??.??"]
[EventType "blitz"]

1. e4 e5 2. Nf3 d5 3. Nxe5 Qe7 4. d4 dxe4 5. Nc3 Nd7 6. Nd5 Qd6 7. Nxd7 Bxd7 8.
Bc4 O-O-O 9. Bf4 Qc6 10. Bb3 Bd6 11. O-O Bxf4 12. Nxf4 Nf6 13. Bxf7 Bg4 14. Qd2
Qd7 15. Bb3 Qxd4 16. Qxd4 Rxd4 17. h3 g5 18. Ne6 Bxe6 19. Bxe6+ Kd8 20. Rad1 c5
21. c3 Rxd1 22. Rxd1+ Ke7 23. Bf5 Re8 24. Kf1 b6 25. Ke2 h6 26. Ke3 Rf8 27. c4
h5 28. Rd2 h4 29. Bxe4 Nxe4 30. Kxe4 Rf4+ 31. Kd3 Ke6 32. Re2+ Kd6 33. f3 a6
34. Re4 Rf5 35. a4 Rf8 36. Rg4 Rf5 37. Ke4 Re5+ 38. Kd3 Rf5 39. f4 Rxf4 40.
Rxf4 gxf4 41. Ke4 b5 42. cxb5 axb5 43. axb5 c4 44. Kd4 f3 45. gxf3 {Normal} 1-0

[Event "Rated Blitz game"]
[Site "?"]
[Date "2021.01.03"]
[Round "?"]
[White "profaVa"]
[Black "KamranShirazi"]
[Result "0-1"]
[WhiteElo "2489"]
[BlackElo "2457"]
[PlyCount "58"]
[EventDate "2021.??.??"]
[EventType "blitz"]

1. e4 e5 2. Nf3 d5 3. exd5 e4 4. Qe2 f5 5. d3 Nf6 6. dxe4 fxe4 7. Nc3 Bb4 8.
Qb5+ c6 9. dxc6 Nxc6 10. Ne5 O-O 11. Nxc6 Bxc3+ 12. bxc3 bxc6 13. Qxc6 Bg4 14.
Bc4+ Kh8 15. O-O Rc8 16. Qa4 Qc7 17. Ba3 Rfd8 18. Bb3 Qxc3 19. Qxa7 Ra8 20. Qc5
Qd2 21. h3 Bh5 22. Bb4 Qh6 23. Qe3 Qg6 24. Kh2 Rab8 25. Bc3 Rbc8 26. Bxf6 Qxf6
27. a4 Bg6 28. a5 Rc3 29. Qb6 Qe5+ {Time forfeit} 0-1

[Event "Rated Blitz game"]
[Site "?"]
[Date "2021.01.03"]
[Round "?"]
[White "lavr64"]
[Black "vrencianLehel"]
[Result "0-1"]
[WhiteElo "2487"]
[BlackElo "2431"]
[PlyCount "102"]
[EventDate "2021.??.??"]
[EventType "blitz"]

1. e4 e5 2. Nf3 d5 3. exd5 Bd6 4. d4 e4 5. Ne5 Nf6 6. Bb5+ Nbd7 7. c4 O-O 8.
Bxd7 Nxd7 9. Nxd7 Bxd7 10. Nc3 Qh4 11. Be3 f5 12. c5 Be7 13. g3 Qh3 14. Qb3 Kh8
15. O-O-O b6 16. c6 Be8 17. Bf4 Bh5 18. Rde1 Qg2 19. Qc2 Rac8 20. h3 Qf3 21.
Qd2 Bf7 22. Qe3 Qh5 23. g4 fxg4 24. hxg4 Qxg4 25. Reg1 Qf5 26. Be5 Bf6 27. Qxe4
Qxe4 28. Nxe4 Bxe5 29. dxe5 Bxd5 30. Ng5 Bxh1 31. Rxh1 Rxf2 32. Rxh7+ Kg8 33.
Rh3 Rd8 34. e6 Rdd2 35. Ne4 Rc2+ 36. Kd1 Rfe2 37. e7 Rxe4 38. Kxc2 Rxe7 39. b4
b5 40. Rh5 a6 41. Rd5 Re6 42. Rd7 Rxc6+ 43. Kd3 Kh7 44. Kd4 Kg6 45. Kd5 Rc4 46.
a3 Kh6 47. Ke5 g5 48. Kf5 Rf4+ 49. Ke5 Rc4 50. Rxc7 Rxc7 51. Kf5 Rc3 {Normal}
0-1

[Event "Rated Blitz tournament NOftRmgG"]
[Site "?"]
[Date "2021.01.03"]
[Round "?"]
[White "VadimCernov"]
[Black "DARIO31CSKA"]
[Result "1-0"]
[WhiteElo "2495"]
[BlackElo "2433"]
[PlyCount "95"]
[EventDate "2021.??.??"]
[EventType "blitz"]

1. e4 e5 2. Nf3 d5 3. Nxe5 Bd6 4. d4 dxe4 5. Bc4 Bxe5 6. Qh5 Qe7 7. Qxe5 Qxe5
8. dxe5 Nc6 9. Nc3 Be6 10. Bxe6 fxe6 11. Nxe4 Nd4 12. O-O Nxc2 13. Bg5 Nxa1 14.
Rxa1 h6 15. Be3 Ne7 16. Nc5 Nc6 17. Nxe6 Rc8 18. f4 Kf7 19. Nc5 b6 20. Ne4 Nb4
21. Kf2 Nc2 22. Rc1 Nxe3 23. Kxe3 Rhd8 24. Rc6 Ke7 25. f5 Rd1 26. g4 Rb1 27.
Rc2 Re1+ 28. Kf4 c5 29. Nd6 Rf8 30. Rd2 g5+ 31. Kf3 Rxe5 32. Nc4 Re1 33. Ne3 h5
34. gxh5 Rh8 35. Kg4 Rg1+ 36. Ng2 Kf6 37. Rd6+ Kf7 38. Kf3 g4+ 39. Kf2 Rb1 40.
Nf4 Rxb2+ 41. Kg3 Rxa2 42. Kxg4 Rxh2 43. Ng6 R8xh5 44. Ne5+ Kf8 45. Rf6+ Ke7
46. Re6+ Kd8 47. Nf3 Kc8 48. Nxh2 {Time forfeit} 1-0

[Event "Rated Blitz game"]
[Site "?"]
[Date "2021.01.03"]
[Round "?"]
[White "Starazagora"]
[Black "Tayota"]
[Result "0-1"]
[WhiteElo "2403"]
[BlackElo "2368"]
[PlyCount "134"]
[EventDate "2021.??.??"]
[EventType "blitz"]

1. e4 e5 2. Nf3 d5 3. Nc3 dxe4 4. Nxe4 f5 5. Nc3 e4 6. Ne5 Nf6 7. d4 Nbd7 8.
Bc4 Nxe5 9. dxe5 Qxd1+ 10. Nxd1 Ng4 11. Bf4 Bc5 12. h3 g5 13. Bxg5 Nxe5 14. Bf6
Nxc4 15. Bxh8 Be6 16. Nc3 O-O-O 17. Bf6 Rf8 18. Bg5 Nxb2 19. O-O Nc4 20. Ne2
Rg8 21. Bf4 e3 22. fxe3 Nxe3 23. Bxe3 Bxe3+ 24. Kh1 Bd5 25. Nf4 Be4 26. Rae1
Bxf4 27. Rxf4 Bxg2+ 28. Kh2 Be4 29. Re2 b6 30. Rh4 Rg7 31. c3 Kb7 32. a3 Kc6
33. Rd2 Kc5 34. Rf4 Kc4 35. Rf1 Kxc3 36. Re2 c5 37. Rg1 Re7 38. Rg3+ Kc4 39. h4
a5 40. h5 a4 41. h6 b5 42. Rg7 Re6 43. Rxh7 f4 44. Rh8 f3 45. Rf2 b4 46. Kg3
bxa3 47. Kf4 Bd5 48. h7 Rh6 49. Kg5 Rh1 50. Kg6 Be4+ 51. Kg7 Rxh7+ 52. Rxh7
Bxh7 53. Kxh7 Kb3 54. Rxf3+ Kb4 55. Rf2 c4 56. Kg6 Kb3 57. Kf5 a2 58. Rf1 c3
59. Ke4 Kb2 60. Kd3 c2 61. Rc1 Kb3 62. Kd2 a3 63. Kd3 Kb2 64. Kd2 a1=Q 65. Rxa1
Kxa1 66. Kxc2 Ka2 67. Kc1 Kb3 {Time forfeit} 0-1

[Event "Rated Blitz game"]
[Site "?"]
[Date "2021.01.03"]
[Round "?"]
[White "CACHS"]
[Black "KamranShirazi"]
[Result "0-1"]
[WhiteElo "2436"]
[BlackElo "2465"]
[PlyCount "34"]
[EventDate "2021.??.??"]
[EventType "blitz"]

1. e4 e5 2. Nf3 d5 3. Nxe5 Bd6 4. d4 dxe4 5. Bc4 Bxe5 6. dxe5 Qxd1+ 7. Kxd1
Bg4+ 8. Be2 Bxe2+ 9. Kxe2 Nc6 10. Bf4 Nd4+ 11. Kd2 O-O-O 12. Nc3 Nb3+ 13. Ke3
Nxa1 14. Rxa1 f6 15. Nxe4 Re8 16. exf6 Nxf6 17. f3 Nd5+ {Normal} 0-1

[Event "Rated Blitz game"]
[Site "?"]
[Date "2021.01.03"]
[Round "?"]
[White "bahneh"]
[Black "drdumbo"]
[Result "0-1"]
[WhiteElo "2374"]
[BlackElo "2467"]
[PlyCount "56"]
[EventDate "2021.??.??"]
[EventType "blitz"]

1. e4 e5 2. Nf3 d5 3. Nxe5 Bd6 4. d4 dxe4 5. Bc4 Bxe5 6. Qh5 Qe7 7. dxe5 Be6 8.
Bb5+ Bd7 9. Nc3 Bxb5 10. Nxb5 Nc6 11. Qf5 a6 12. Nc3 Qxe5 13. Qxe5+ Nxe5 14.
Nxe4 O-O-O 15. O-O f5 16. Ng5 h6 17. Ne6 Rd7 18. b3 Nf6 19. Bb2 Re8 20. Nc5 Rd2
21. Rfe1 Rxc2 22. Bxe5 Rxc5 23. Bxf6 Rxe1+ 24. Rxe1 gxf6 25. Kf1 Re5 26. Rd1 b6
27. g3 Kb7 28. Kg2 Re2 {Time forfeit} 0-1

[Event "Rated Blitz game"]
[Site "?"]
[Date "2021.01.03"]
[Round "?"]
[White "imdejong"]
[Black "Tayota"]
[Result "0-1"]
[WhiteElo "2473"]
[BlackElo "2372"]
[PlyCount "78"]
[EventDate "2021.??.??"]
[EventType "blitz"]

1. e4 e5 2. Nf3 d5 3. exd5 e4 4. Qe2 f5 5. d3 Nf6 6. dxe4 fxe4 7. Bg5 Be7 8.
Bxf6 Bxf6 9. Qxe4+ Kf7 10. Be2 Bxb2 11. O-O Bxa1 12. d6 Bf6 13. Bc4+ Kf8 14.
dxc7 Qxc7 15. Re1 Bd7 16. Nc3 Nc6 17. Nd5 Qd6 18. Nxf6 gxf6 19. Qh4 h5 20. Re6
Qd1+ 21. Ne1 Bxe6 22. Qxf6+ Ke8 23. Qxe6+ Kd8 24. Qf6+ Kc7 25. Qf4+ Qd6 26.
Qf7+ Kb6 27. Bf1 Rhf8 28. Qb3+ Kc7 29. Nf3 Rae8 30. h3 a6 31. a4 Qb4 32. Qd3
Re7 33. c3 Qf4 34. Nd4 Nxd4 35. cxd4 Rd8 36. Qc4+ Kb8 37. Qc5 Rc7 38. Qb6 Qxd4
39. Qxc7+ Kxc7 {Normal} 0-1

[Event "Rated Blitz game"]
[Site "?"]
[Date "2021.01.03"]
[Round "?"]
[White "Sergey0301"]
[Black "drdumbo"]
[Result "1-0"]
[WhiteElo "2361"]
[BlackElo "2486"]
[PlyCount "93"]
[EventDate "2021.??.??"]
[EventType "blitz"]

1. e4 e5 2. Nf3 d5 3. exd5 Bd6 4. Bb5+ Bd7 5. Qe2 Qe7 6. Nc3 Nf6 7. d3 Bxb5 8.
Nxb5 Nxd5 9. Qe4 Nb6 10. Qxb7 O-O 11. Nxd6 Qxd6 12. Qe4 Nc6 13. O-O f5 14. Qh4
Rae8 15. Re1 Nd5 16. Bd2 e4 17. dxe4 fxe4 18. Rxe4 Nf6 19. Rxe8 Rxe8 20. Re1
Rxe1+ 21. Bxe1 Qd1 22. Qc4+ Qd5 23. Qxd5+ Nxd5 24. Bd2 Ndb4 25. c3 Nxa2 26. Kf1
Na5 27. Ke2 Nc4 28. Kd3 Nxb2+ 29. Kc2 Nc4 30. Bf4 c5 31. Kb3 Nxc3 32. Kxc3 Nb6
33. Be3 Nd5+ 34. Kc4 Nf6 35. Kxc5 Kf7 36. Kb5 Ke6 37. Bxa7 Kd5 38. Bd4 Ne4 39.
Kb4 g5 40. h3 h5 41. Be3 g4 42. hxg4 hxg4 43. Nd2 Nd6 44. g3 Nf5 45. Kc3 Ke5
46. Kd3 Nd6 47. Bf4+ {Normal} 1-0

[Event "Rated Blitz game"]
[Site "?"]
[Date "2021.01.03"]
[Round "?"]
[White "Starazagora"]
[Black "fuglfonix"]
[Result "1-0"]
[WhiteElo "2407"]
[BlackElo "2285"]
[PlyCount "81"]
[EventDate "2021.??.??"]
[EventType "blitz"]

1. e4 e5 2. Nf3 d5 3. exd5 e4 4. Nd4 Qxd5 5. Nb3 Bd6 6. Nc3 Qe5 7. Be2 Nf6 8.
d3 exd3 9. Qxd3 Bf5 10. Qb5+ Qxb5 11. Nxb5 Bxc2 12. Nxd6+ cxd6 13. Bf4 Nc6 14.
Bxd6 O-O-O 15. Bf4 Rhe8 16. Be3 Nd5 17. O-O Nxe3 18. fxe3 Bxb3 19. axb3 f6 20.
Bf3 Kb8 21. Bxc6 bxc6 22. Ra6 Rxe3 23. Rxc6 Rd2 24. Rc3 Ree2 25. Rg3 Rxb2 26.
Rxg7 a5 27. Rxf6 Rb1+ 28. Rf1 Rxf1+ 29. Kxf1 Rb2 30. Rg3 Kb7 31. h4 Kb6 32. h5
Kb5 33. h6 Kb4 34. Ke1 Rxb3 35. Rg4+ Kb5 36. Rg5+ Kb4 37. Rg7 a4 38. Rxh7 a3
39. Ra7 a2 40. h7 Ra3 41. Rxa3 {Normal} 1-0

[Event "Rated Blitz tournament 9D7RDCM0"]
[Site "?"]
[Date "2021.01.03"]
[Round "?"]
[White "fireanigirl"]
[Black "vovaches"]
[Result "1-0"]
[WhiteElo "2592"]
[BlackElo "2571"]
[PlyCount "53"]
[EventDate "2021.??.??"]
[EventType "blitz"]

1. e4 e5 2. Nf3 d5 3. exd5 e4 4. Ne5 Qxd5 5. d4 exd3 6. Nxd3 Nf6 7. Nc3 Qf5 8.
Be2 Bd6 9. O-O O-O 10. Bf3 Nc6 11. Be3 Re8 12. Re1 Bd7 13. Qd2 Ng4 14. Bf4 Nd4
15. Bxg4 Qxg4 16. Kh1 Bxf4 17. Nxf4 c5 18. h3 Qg5 19. Ne4 Qh6 20. Nxc5 Bxh3 21.
Qxd4 Red8 22. Qe3 Bf5+ 23. Kg1 Bxc2 24. Rac1 Bf5 25. Rcd1 b6 26. Rxd8+ Rxd8 27.
Qe8+ {Normal} 1-0

[Event "Rated Blitz tournament 2M911SeH"]
[Site "?"]
[Date "2021.01.03"]
[Round "?"]
[White "lololita"]
[Black "Stoichess"]
[Result "0-1"]
[WhiteElo "2236"]
[BlackElo "2561"]
[PlyCount "92"]
[EventDate "2021.??.??"]
[EventType "blitz"]

1. e4 e5 2. Nf3 d5 3. exd5 Bd6 4. d4 e4 5. Ne5 Nf6 6. Bg5 O-O 7. Nc3 Nbd7 8.
Nxd7 Bxd7 9. Bc4 Re8 10. O-O a6 11. a4 h6 12. Bh4 Bf5 13. Re1 Bb4 14. h3 g5 15.
Bg3 Bxc3 16. bxc3 Nxd5 17. Qh5 Kg7 18. Bxd5 Qxd5 19. Qe2 Bg6 20. Rab1 Rac8 21.
Red1 Qc6 22. c4 b6 23. a5 bxa5 24. Ra1 a4 25. d5 Qd7 26. Qe3 f5 27. Qd4+ Kh7
28. c5 f4 29. Bh2 g4 30. Bxf4 gxh3 31. g3 Qg4 32. Qe3 Rf8 33. d6 cxd6 34. cxd6
Rxc2 35. d7 Rd8 36. Rac1 Rxc1 37. Rxc1 Rxd7 38. Kh2 h5 39. Rc8 Qd1 40. Be5 Rd8
41. Rc7+ Rd7 42. Rxd7+ Qxd7 43. Qf4 Qe7 44. Qf6 Qxf6 45. Bxf6 e3 46. Ba1 e2 {
Time forfeit} 0-1

[Event "Rated Blitz game"]
[Site "?"]
[Date "2021.01.03"]
[Round "?"]
[White "Kiezking"]
[Black "Tayota"]
[Result "1/2-1/2"]
[WhiteElo "2406"]
[BlackElo "2375"]
[PlyCount "116"]
[EventDate "2021.??.??"]
[EventType "blitz"]

1. e4 e5 2. Nf3 d5 3. exd5 e4 4. Qe2 f5 5. Nd4 Nf6 6. c4 c5 7. Nb3 Bd6 8. Nc3
O-O 9. g3 a6 10. Bg2 Nbd7 11. O-O Ne5 12. f4 exf3 13. Bxf3 Nxf3+ 14. Qxf3 f4
15. d3 Bg4 16. Qg2 fxg3 17. h3 Bh5 18. Bg5 Bg6 19. Ne4 Bxe4 20. dxe4 Qe8 21.
Bxf6 Rxf6 22. Rxf6 gxf6 23. Rf1 Be5 24. Nd2 Qg6 25. Nf3 Qxe4 26. Nxe5 Qxe5 27.
Rf3 Kh8 28. Rxg3 Re8 29. Qf2 f5 30. Rf3 Rg8+ 31. Kh1 Qe4 32. Kh2 Qe5+ 33. Rf4
b5 34. b3 bxc4 35. bxc4 Rg5 36. a4 a5 37. Qf3 Kg7 38. Qf2 Kg6 39. Qd2 Qd6 40.
Qe3 Kf6 41. Kh1 h6 42. Rf3 Kg6 43. Qe8+ Kg7 44. Re3 Qf8 45. Qd7+ Kg6 46. Re8
Qg7 47. Qxg7+ Kxg7 48. Rc8 Rg3 49. Rxc5 Rxh3+ 50. Kg2 Rc3 51. d6 Kf7 52. Rxf5+
Ke6 53. Rxa5 Kxd6 54. Ra6+ Kc5 55. Rxh6 Rxc4 56. a5 Ra4 57. a6 Kb5 58. a7 Rxa7
{Normal} 1/2-1/2

[Event "Rated Blitz tournament bnj5MDZ0"]
[Site "?"]
[Date "2021.01.03"]
[Round "?"]
[White "JoeAssaad"]
[Black "Henrik_95"]
[Result "1-0"]
[WhiteElo "2442"]
[BlackElo "2357"]
[PlyCount "47"]
[EventDate "2021.??.??"]
[EventType "blitz"]

1. e4 e5 2. Nf3 d5 3. Nxe5 dxe4 4. Nc3 Bd6 5. Nc4 Nf6 6. Nxd6+ Qxd6 7. d3 exd3
8. Bxd3 O-O 9. h3 Re8+ 10. Be3 Nc6 11. a3 a6 12. Qd2 Be6 13. O-O-O b5 14. Qe2
Qe7 15. Bg5 b4 16. Ne4 bxa3 17. Nxf6+ gxf6 18. Qh5 axb2+ 19. Kb1 Qa3 20. Bxh7+
Kh8 21. Be4+ Kg8 22. Qh7+ Kf8 23. Qh8+ Ke7 24. Bxf6# {Normal} 1-0

[Event "Rated Blitz tournament v0DolqTZ"]
[Site "?"]
[Date "2021.01.03"]
[Round "?"]
[White "YSA_kbpl"]
[Black "Jlgg50972"]
[Result "0-1"]
[WhiteElo "2375"]
[BlackElo "2405"]
[PlyCount "84"]
[EventDate "2021.??.??"]
[EventType "blitz"]

1. e4 e5 2. Nf3 d5 3. exd5 e4 4. Ne5 Qxd5 5. d4 exd3 6. Nxd3 Nf6 7. Nc3 Qf5 8.
Be2 Bd6 9. O-O O-O 10. Bf3 Nc6 11. Re1 Be6 12. Ne4 Rac8 13. Nxd6 cxd6 14. Bf4
Rfd8 15. c3 Ne5 16. Nxe5 dxe5 17. Bd2 e4 18. Be2 e3 19. fxe3 Ne4 20. Rf1 Rxd2
21. Rxf5 Rxd1+ 22. Rxd1 Bxf5 23. Bf3 h6 24. Rd4 Nf6 25. Bxb7 Rb8 26. Rb4 Kf8
27. Bf3 Rxb4 28. cxb4 Ke7 29. Kf2 Kd6 30. Ke2 Be4 31. Kd2 Bxf3 32. gxf3 g5 33.
Kd3 h5 34. e4 Nd7 35. Kd4 Ne5 36. Ke3 Nc4+ 37. Kd4 Nxb2 38. h4 gxh4 39. f4 h3
40. e5+ Ke6 41. Ke3 h2 42. Kf3 h1=Q+ {Time forfeit} 0-1

[Event "Rated Blitz game"]
[Site "?"]
[Date "2021.01.03"]
[Round "?"]
[White "EmirGamis"]
[Black "Dzon_Vejn"]
[Result "1-0"]
[WhiteElo "2256"]
[BlackElo "2401"]
[PlyCount "117"]
[EventDate "2021.??.??"]
[EventType "blitz"]

1. e4 e5 2. Nf3 d5 3. exd5 e4 4. Ne5 Qxd5 5. d4 exd3 6. Nxd3 Nf6 7. Be2 Bf5 8.
O-O Qd8 9. Bf3 c6 10. Re1+ Be7 11. Qe2 Na6 12. Bg5 Nc7 13. Bxf6 gxf6 14. Nc5
Ne6 15. Nxe6 Bxe6 16. Bh5 O-O 17. Nc3 Qb6 18. Rab1 Kh8 19. Bg4 Bb4 20. Bxe6
Rae8 21. Qh5 fxe6 22. Re3 Qc5 23. Qh6 Qg5 24. Qxg5 fxg5 25. Ne4 h6 26. c3 Ba5
27. Rh3 Kg7 28. Rf1 Bb6 29. Rd3 Rd8 30. Rfd1 Rd5 31. c4 Rxd3 32. Rxd3 Rf7 33.
c5 Bc7 34. f3 Be5 35. b4 Rc7 36. Nd6 Bxd6 37. Rxd6 Kf7 38. Kf2 Ke7 39. Ke3 b6
40. Ke4 bxc5 41. bxc5 Kf6 42. g3 Ke7 43. Ke5 Kf7 44. Rxe6 Kg7 45. Kd6 Rb7 46.
Re7+ Rxe7 47. Kxe7 Kg6 48. Kd6 Kf5 49. Kxc6 g4 50. f4 Ke6 51. Kb7 Kd5 52. c6
Ke4 53. c7 Kf3 54. c8=Q Kg2 55. Qxg4 Kxh2 56. Qh5+ Kg2 57. Qxh6 Kf2 58. Qa6 Ke3
59. Qxa7+ {Normal} 1-0

[Event "Rated Blitz game"]
[Site "?"]
[Date "2021.01.03"]
[Round "?"]
[White "urbas"]
[Black "batasjon"]
[Result "1/2-1/2"]
[WhiteElo "2421"]
[BlackElo "2335"]
[PlyCount "133"]
[EventDate "2021.??.??"]
[EventType "blitz"]

1. e4 e5 2. Nf3 d5 3. exd5 e4 4. Qe2 Nf6 5. Nc3 Be7 6. Ng5 O-O 7. Ngxe4 Nxd5 8.
Nxd5 Qxd5 9. Qc4 Qd8 10. d3 Be6 11. Qb5 Nc6 12. Be3 Nb4 13. O-O-O Nxa2+ 14. Kb1
Nb4 15. Bc5 Nd5 16. Bxe7 Qxe7 17. Qc5 Qd7 18. Nc3 b6 19. Qa3 Nf4 20. g3 Ng6 21.
Bg2 c6 22. Rhe1 a5 23. Ne4 h6 24. Qd6 Qxd6 25. Nxd6 Rad8 26. Nc4 Bxc4 27. dxc4
c5 28. Bd5 Rfe8 29. f4 Kf8 30. b3 Rxe1 31. Rxe1 Re8 32. Rxe8+ Kxe8 33. c3 Ke7
34. Kc2 f6 35. Kd3 Kd6 36. Ke4 Ne7 37. Bb7 Kc7 38. Ba6 g5 39. Bb5 Kd6 40. h4
Kc7 41. fxg5 fxg5 42. h5 Kd6 43. Ba4 Ke6 44. Be8 Kf6 45. Bd7 g4 46. Bxg4 Kg5
47. Be2 Nf5 48. g4 Ng3+ 49. Kf3 Nxe2 50. Kxe2 Kxg4 51. b4 Kxh5 52. bxa5 Kg5 53.
Kd3 bxa5 54. Ke4 h5 55. Kd5 h4 56. Kxc5 h3 57. Kb5 h2 58. c5 h1=Q 59. Kb6 Qd5
60. c6 Qc4 61. c7 Qxc3 62. Kb7 a4 63. c8=Q Qxc8+ 64. Kxc8 a3 65. Kb7 a2 66. Kb6
a1=Q 67. Kb7 {Time forfeit} 1/2-1/2

[Event "Rated Blitz game"]
[Site "?"]
[Date "2021.01.03"]
[Round "?"]
[White "Schunaizel"]
[Black "drdumbo"]
[Result "1-0"]
[WhiteElo "2519"]
[BlackElo "2475"]
[PlyCount "45"]
[EventDate "2021.??.??"]
[EventType "blitz"]

1. e4 e5 2. Nf3 d5 3. d4 dxe4 4. Nxe5 Bd6 5. Bc4 Bxe5 6. Qh5 Qe7 7. Qxe5 Qxe5
8. dxe5 Nc6 9. Bf4 Nd4 10. Na3 Be6 11. O-O-O O-O-O 12. Be3 Bxc4 13. Nxc4 Nc6
14. Rxd8+ Kxd8 15. Bg5+ Nge7 16. Rd1+ Ke8 17. Re1 b5 18. Na3 a6 19. Rxe4 Kd7
20. Bd2 Ke6 21. f4 g5 22. fxg5 Nxe5 23. Rxe5+ {Normal} 1-0

[Event "Rated Blitz tournament 2M911SeH"]
[Site "?"]
[Date "2021.01.03"]
[Round "?"]
[White "lareinedesneiges"]
[Black "Stoichess"]
[Result "0-1"]
[WhiteElo "2503"]
[BlackElo "2552"]
[PlyCount "70"]
[EventDate "2021.??.??"]
[EventType "blitz"]

1. e4 e5 2. Nf3 d5 3. exd5 Bd6 4. Nc3 Nf6 5. d4 e4 6. Ne5 O-O 7. Be2 Nbd7 8.
Bf4 Bb4 9. Bg5 h6 10. Bh4 g5 11. Bg3 Nxd5 12. Qd2 Nxe5 13. Bxe5 f6 14. Bg3 Nxc3
15. bxc3 Bd6 16. h4 Bxg3 17. fxg3 Qd6 18. Qe3 Kg7 19. Kd2 Bf5 20. Raf1 Bg6 21.
hxg5 fxg5 22. Rb1 b6 23. Rh2 c5 24. Rbh1 Rh8 25. Rf1 Rad8 26. Rhh1 cxd4 27.
Qxd4+ Qxd4+ 28. cxd4 Rxd4+ 29. Ke3 Ra4 30. Rf2 Rd8 31. c3 Rxa2 32. Rc1 Rdd2 33.
g4 a5 34. c4 Rd6 35. c5 Ra3+ {Normal} 0-1